000
00232 a2200085 4500
020
_a
9788195693108
100
_a
Correa Charles
245
_a
Housing & Urbanisation By Correa Charles
260
_b
Panaji The Charles Correa Foundation
_c
2023
999
_c
13347
_d
13347